000 00335nam a2200133Ia 4500
008 240624s9999 xx 000 0 und d
041 _aeng
082 _a330 DAS
100 _aDAS MAUSUMI
245 _aECONOMIC CHALLENGES FOR THE CONTEMPORARY
260 _c2016
_aNew Delhi
_bSage
300 _axvi, 324 p.; 26 cm.
365 _cRS
_b32
999 _c29898
_d29898